| 000 | 02660cam a2200337 a 4500 | ||
|---|---|---|---|
| 001 | 14703835 | ||
| 005 | 20170105102919.0 | ||
| 008 | 070119s2007 coua b 001 0 eng | ||
| 010 | _a 2007002451 | ||
| 015 |
_aGBA741522 _2bnb |
||
| 016 | 7 |
_a013756331 _2Uk |
|
| 020 | _a9781588265340 (hardcover : alk. paper) | ||
| 020 | _a9788130909660 (hardcover : alk. paper) | ||
| 035 | _a(OCoLC)ocm80020059 | ||
| 035 |
_a(OCoLC)80020059 _z(OCoLC)154684989 _z(OCoLC)154684992 |
||
| 040 |
_aDLC _cDLC _dBTCTA _dBAKER _dUKM _dC#P _dYDXCP _dYHM _dIXA _dMUQ _dDLC |
||
| 050 | 0 | 0 |
_aJF2051 _b.W48 2007 |
| 082 | 0 | 0 |
_a324.2 _222 |
| 245 | 0 | 0 |
_aWhen parties prosper : _bthe uses of electoral success / _cedited by Kay Lawson, Peter H. Merkl. |
| 260 |
_aBoulder : _bLynne Rienner Publishers, _c2007. |
||
| 300 |
_avi, 431 p. : _bill. ; _c23 cm. |
||
| 504 | _aIncludes bibliographical references (p. 371-395) and index. | ||
| 505 | 0 | 0 |
_tPolitical parties in the twenty-first century / _rKay Lawson and Peter H. Merkl -- _tBritain's new Labour party : prospering in an antiparty climate / _rDavid McKay -- _tSweden : still a stable party system? / _rTommy Möller -- _tEuropean social democracy : failing successfully / _rWilliam E. Paterson and James Sloam -- _tPoland's democratic left alliance : beyond postcommunist succession / _rHironim Kubiak -- _tLithuanian Social Democrats : a prosperous postcommunist party / _rAlgis Krupavičius -- Uruguayan party system : transition within transition / _rJorge Lanzaro -- _tGermany's Christian Democrats : survivors in a secular society / _rFrank Bösch -- _tJapan : why parties fail, yet survive / _rHaruhiro Fukui -- _tRussia's political parties : deep in the shadow of the president / _rAnotoly Kulik -- _tMexico : helping the opposition prosper / _rMark A. Martinez -- _tIsrael 's Shas : party prosperity and dubious democracy / _rYael Yishai -- _tChile : from individual politics to party militancy / _rAlfredo Joignant and Patricio Navia -- _tItaly : a tale of two parties / _rGianfranco Pasquino -- _tFrance : antisystem parties vs. government parties / _rFlorence Haegel and Marc Lazar -- _tThe US two-party system : using power to prosper / _rRobin Kolodny -- _tBecoming the party of government / _rPeter H. Merkl -- _tWhen parties dedemocratize / _rKay Lawson. |
| 650 | 0 | _aPolitical parties. | |
| 700 | 1 | _aLawson, Kay. | |
| 700 | 1 | _aMerkl, Peter H. | |
| 856 | 4 | 1 |
_3Table of contents only _uhttp://www.loc.gov/catdir/toc/ecip079/2007002451.html |
| 906 |
_a7 _bcbc _corignew _d1 _eecip _f20 _gy-gencatlg |
||
| 942 |
_2ddc _cBK |
||
| 999 |
_c15507 _d15507 |
||